Chow chows : (Запис № 480724)
[ простий вигляд ]
| 000 -LEADER | |
|---|---|
| fixed length control field | 02117cam a2200517 a 4500 |
| 001 - CONTROL NUMBER | |
| control field | chowchowseveryth00atki |
| 003 - CONTROL NUMBER IDENTIFIER | |
| control field | CaSfIA |
| 005 - DATE AND TIME OF LATEST TRANSACTION | |
| control field | 20210117223921.0 |
| 007 - PHYSICAL DESCRIPTION FIXED FIELD--GENERAL INFORMATION | |
| fixed length control field | cr|||| |
| 008 - FIXED-LENGTH DATA ELEMENTS--GENERAL INFORMATION | |
| fixed length control field | 880713s1988 nyua b 001 0 eng |
| 010 ## - LIBRARY OF CONGRESS CONTROL NUMBER | |
| LC control number | 88022273 |
| 040 ## - CATALOGING SOURCE | |
| Original cataloging agency | DLC |
| Transcribing agency | DLC |
| Modifying agency | BAKER |
| -- | BTCTA |
| -- | YDXCP |
| -- | OCLCG |
| -- | CaSfIA |
| 020 ## - INTERNATIONAL STANDARD BOOK NUMBER | |
| International Standard Book Number | 0812039521 |
| 020 ## - INTERNATIONAL STANDARD BOOK NUMBER | |
| International Standard Book Number | 9780812039528 |
| 035 ## - SYSTEM CONTROL NUMBER | |
| System control number | (OCoLC)18292314 |
| 050 00 - LIBRARY OF CONGRESS CALL NUMBER | |
| Classification number | SF429.C5 |
| Item number | A96 1988 |
| 082 00 - DEWEY DECIMAL CLASSIFICATION NUMBER | |
| Classification number | 636.7/2 |
| Edition number | 19 |
| 029 1# - (OCLC) | |
| OCLC library identifier | NZ1 |
| System control number | 3689970 |
| 029 1# - (OCLC) | |
| OCLC library identifier | AU@ |
| System control number | 000005960201 |
| 029 1# - (OCLC) | |
| OCLC library identifier | UNITY |
| System control number | 024278564 |
| 029 1# - (OCLC) | |
| OCLC library identifier | UKSND |
| System control number | 0812039521 |
| 029 1# - (OCLC) | |
| OCLC library identifier | WOLVL |
| System control number | 0812039521 |
| 029 1# - (OCLC) | |
| OCLC library identifier | UKBCC |
| System control number | 0812039521 |
| 029 1# - (OCLC) | |
| OCLC library identifier | UKWIR |
| System control number | 0812039521 |
| 029 1# - (OCLC) | |
| OCLC library identifier | UKSLI |
| System control number | 0812039521 |
| 029 1# - (OCLC) | |
| OCLC library identifier | UKDEL |
| System control number | 0812039521 |
| 029 1# - (OCLC) | |
| OCLC library identifier | UKHCL |
| System control number | 0812039521 |
| 029 1# - (OCLC) | |
| OCLC library identifier | UKRFW |
| System control number | 0812039521 |
| 029 1# - (OCLC) | |
| OCLC library identifier | UKSTC |
| System control number | 0812039521 |
| 029 1# - (OCLC) | |
| OCLC library identifier | UKTAL |
| System control number | 0812039521 |
| 029 1# - (OCLC) | |
| OCLC library identifier | UKNLL |
| System control number | 0812039521 |
| 029 1# - (OCLC) | |
| OCLC library identifier | UKCHS |
| System control number | 0812039521 |
| 100 1# - MAIN ENTRY--PERSONAL NAME | |
| Personal name | Atkinson, James B., |
| Dates associated with a name | 1934- |
| 245 10 - TITLE STATEMENT | |
| Title | Chow chows : |
| Medium | [electronic resource] |
| Remainder of title | everything about purchase, care, nutrition, diseases, and training / |
| Statement of responsibility, etc | James B. Atkinson ; with color photographs by outstanding animal photographers, and drawings by Michele Earle-Bridges. |
| 260 ## - PUBLICATION, DISTRIBUTION, ETC. (IMPRINT) | |
| Place of publication, distribution, etc | New York : |
| Name of publisher, distributor, etc | Barron's, |
| Date of publication, distribution, etc | c1988. |
| 300 ## - PHYSICAL DESCRIPTION | |
| Extent | 77 p. : |
| Other physical details | ill. (some col.) ; |
| Dimensions | 20 cm. |
| 504 ## - BIBLIOGRAPHY, ETC. NOTE | |
| Bibliography, etc | Bibliography: p. 75. |
| 500 ## - GENERAL NOTE | |
| General note | Includes index. |
| 506 ## - RESTRICTIONS ON ACCESS NOTE | |
| Standardized terminology for access restriction | Необхідна авторизація на https://archive.org/ (створення облікового запису безкоштовно) |
| 506 ## - RESTRICTIONS ON ACCESS NOTE | |
| Standardized terminology for access restriction | Необхідна авторизація на https://openlibrary.org/ (створення облікового запису безкоштовно) |
| 650 #0 - SUBJECT ADDED ENTRY--TOPICAL TERM | |
| Topical term or geographic name as entry element | Chow chow (Dog breed) |
| 856 42 - ELECTRONIC LOCATION AND ACCESS | |
| Materials specified | Publisher description |
| Uniform Resource Identifier | <a href="http://www.loc.gov/catdir/enhancements/fy0630/88022273-d.html">http://www.loc.gov/catdir/enhancements/fy0630/88022273-d.html</a> |
| 856 41 - ELECTRONIC LOCATION AND ACCESS | |
| Uniform Resource Identifier | <a href="http://www.archive.org/details/chowchowseveryth00atki">http://www.archive.org/details/chowchowseveryth00atki</a> |
| Public note | Free eBook from the Internet Archive |
| 856 42 - ELECTRONIC LOCATION AND ACCESS | |
| Uniform Resource Identifier | <a href="http://www.openlibrary.org/books/OL2045269M">http://www.openlibrary.org/books/OL2045269M</a> |
| Public note | Additional information and access via Open Library |
| 942 ## - ADDED ENTRY ELEMENTS (KOHA) | |
| Koha item type | ЕКнига |
Немає доступних примірників.